000 00578nam a2200229Ia 4500
003 OSt
005 20220926004727.0
006 a|||||r|||| 00| 0
007 ta
008 220923b |||||||| |||| 00| 0 eng d
037 _cGeneral Book
040 _aRTL
_cRTL
_beng
041 _2eng
_aeng
082 _aX, J7
100 _aMehta J K
_998422
245 0 _aStudies in advanced economic theory
250 _a3
260 _a New Delhi
_bS. Chand & Co.
_c1957
300 _a319p
_ccm.
942 _hX, J7
_cGB
_2CC
999 _c612055
_d612055